| 000 | 01233nab a22002777a 4500 | ||
|---|---|---|---|
| 999 |
_c5916 _d5916 |
||
| 003 | OSt | ||
| 005 | 20260114005715.0 | ||
| 008 | 190605e xxu||||| |||| 00| 0 spa d | ||
| 040 | _cPJ | ||
| 100 |
_94584 _aMansilla, Alberto |
||
| 245 | 1 | 0 |
_aDNU 70/2023 : _binconstitucionalidad y aplicación / _cAlberto Mansilla. |
| 260 |
_aCiudad Autónoma de Buenos Aires : _bThomson Reuters La Ley, _c2024. |
||
| 300 | _ap. 9-13 | ||
| 500 | _aCita: TR LALEY AR/DOC/3236/2023. | ||
| 505 | _aSumario: I. La inconstitucionalidad de los DNU de doble indemnización y de prohibición de los despidos.— II. La inconstitucionalidad del DNU 70/2023.— III. Aplicación de la norma. | ||
| 505 | _t¿Te interesa el texto completo? Solicitalo al correo: koha@justierradelfuego.gov.ar | ||
| 650 | 0 |
_91316 _aDERECHO LABORAL |
|
| 650 | 0 |
_9200 _aDECRETOS DE NECESIDAD Y URGENCIA |
|
| 650 | 0 |
_94597 _aCONSTITUCIONALIDAD |
|
| 650 | 0 |
_91323 _aCONTRATO DE TRABAJO |
|
| 650 | 0 |
_91382 _aINDEMNIZACION |
|
| 650 | 0 |
_91534 _aINDEMNIZACION POR DESPIDO |
|
| 650 | 0 |
_9761 _aPODER EJECUTIVO |
|
| 773 | 0 |
_02711 _93168 _dCiudad Autónoma de Buenos Aires : Thomson Reuters La Ley, 1999-2002. _tRevista de derecho del trabajo. Nº 1 - Enero 2024 |
|
| 942 |
_2udc _cANA |
||